| 000 | 00777nam a22002297a 4500 | ||
|---|---|---|---|
| 005 | 20100805144659.0 | ||
| 010 | _aENG-98418 | ||
| 020 |
_c100.00 _a9788175053076 |
||
| 020 |
_c100.00 _a8175053070 |
||
| 035 | _aEN-81951 | ||
| 037 | _bDBAD/PUB | ||
| 082 | _a181.45 | ||
| 100 |
_aNikhilananda, Swami _97143 |
||
| 245 |
_aThe Bhagavad Gita / _ctranlated by Swami Nikhilananda |
||
| 260 |
_aKolkata _bAdvaita Ashrama _c2008 |
||
| 270 |
_a5 Delhi Entally Road _bKolkata _e700014 |
||
| 300 |
_axvii, 386 p. _b22cm (Hb) |
||
| 500 | _aIncludes index | ||
| 700 |
_96809 _aNikhilananda, Swami |
||
| 942 |
_2ddc _cEN _h181.45 _mNIK |
||
| 999 |
_c39544 _d39544 |
||